000 00296pam a2200121a 44500
008 230405s xxu||||| |||| 00| 0 eng d
041 _aENG
100 _aMS PAYAL MITTAL
245 _aHUMAN ANATOMY AND PHYSIOLOGY - I
260 _aNEW DELHI
_bS VIKAS PUBLISHING
_c
300 _a187
906 _a2554
999 _c267993
_d267993